| 000 | 00515 a2200169 4500 | ||
|---|---|---|---|
| 999 |
_c6375 _d6375 |
||
| 020 | _a0582095050 (paper) | ||
| 050 | 0 | 0 | _aQH315 BRO 1995 |
| 100 | 1 | _aBrown, Chris R. | |
| 245 | 1 | 4 |
_aThe effective teaching of biology / _cChris R. Brown. |
| 264 |
_aLondon: _bLongman, _c1995 |
||
| 300 |
_a184 p. : _bill. ; |
||
| 440 | 4 | _aThe effective teacher series | |
| 500 | _aIncludes index | ||
| 504 | _aIncludes bibliographical references and index. | ||
| 650 | 0 | 0 |
_aBiology _xStudy and teaching. |
| 942 |
_2lcc _cBK _h315 _iBRO _kQH |
||